[Event "Sandefjord Caissa op"]
[Site "Sandefjord"]
[Date "2006.10.02"]
[Round "5"]
[White "Roverud, Thor"]
[Black "Horda, Carl Erik"]
[Result "0-1"]
[WhiteElo "1677"]
[BlackElo "1929"]
[PlyCount "78"]
[EventDate "2006.08.21"]
[EventType "swiss"]
[EventRounds "9"]
[EventCountry "NOR"]
[SourceTitle "EXT 2009"]
[Source "ChessBase"]
[SourceDate "2008.11.26"]
[SourceVersion "1"]
[SourceVersionDate "2008.11.26"]
[SourceQuality "1"]

1. d4 Nf6 2. c4 c5 3. d5 b5 4. cxb5 a6 5. bxa6 Bxa6 6. Nc3 g6 7. e4 Bxf1 8. Kxf1 d6 9. Nge2 Nbd7 10. Rb1 Bg7 11. a4 0-0 12. h3 Qa5 13. Bd2 Rfb8 14. b3 Rb4 15. f3 Rb7 16. Nb5 Qa6 17. Nec3 Nh5 18. Kf2 Be5 19. Ne2 c4 20. g4 Nhf6 21. bxc4 Qxa4 22. Rb4 Qa6 23. Qb1 Nc5 24. Bc3 Qa2 25. Ke3 Nfd7 26. f4 Bxc3 27. Nexc3 Qg2 28. Qf1 Qc2 29. Qe2 Ra2 30. Qxc2 Rxc2 31. Rhb1 Rh2 32. Nd4 Ra7 33. Ndb5 Rxh3+ 34. Ke2 Ra8 35. Rf1 Nd3 36. Ra4 Rxa4 37. Nxa4 N7c5 38. Nbc3 Nb3 39. Rf3 Nd4+ 0-1

[Event "Sandefjord Caissa op"]
[Site "Sandefjord"]
[Date "2006.09.04"]
[Round "3"]
[White "Tidemann Andersen, Leif"]
[Black "Roverud, Thor"]
[Result "0-1"]
[WhiteElo "1518"]
[BlackElo "1677"]
[PlyCount "100"]
[EventDate "2006.08.21"]
[EventType "swiss"]
[EventRounds "9"]
[EventCountry "NOR"]
[SourceTitle "EXT 2009"]
[Source "ChessBase"]
[SourceDate "2008.11.26"]
[SourceVersion "1"]
[SourceVersionDate "2008.11.26"]
[SourceQuality "1"]

1. e4 c5 2. Nf3 Nc6 3. d4 cxd4 4. Nxd4 e5 5. Nxc6 bxc6 6. Bc4 Nf6 7. Bg5 Be7 8. Nc3 0-0 9. 0-0 h6 10. Bh4 Bb7 11. Qe2 Qb6 12. b3 Qa5 13. Bxf6 Bxf6 14. Qd3 Rad8 15. b4 Qc7 16. a4 d5 17. Bb3 d4 18. Ne2 c5 19. bxc5 Qxc5 20. Ng3 g6 21. Qb5 Qc7 22. a5 Rd6 23. a6 Rb6 24. Qe2 Bc6 25. Bc4 Bd7 26. Rfb1 Rfb8 27. Rxb6 Rxb6 28. Bd3 Qc3 29. Qe1 Qb2 30. h3 Be7 31. Qc1 Qxc1+ 32. Rxc1 Bc8 33. Ra1 Kg7 34. Ne2 f5 35. f3 fxe4 36. fxe4 Bg5 37. Ra5 Be3+ 38. Kh2 Kf6 39. g4 Bd2 40. Rb5 Rc6 41. Rb2 Bxa6 42. Ra2 Bxd3 43. cxd3 Bb4 44. Ng1 a5 45. Rf2+ Kg7 46. Nf3 a4 47. Nxe5 Bd6 48. Rf7+ Kg8 49. Ra7 Bxe5+ 50. Kg2 Rc2+ 0-1

[Event "Sandefjord op"]
[Site "Sandefjord"]
[Date "2002.10.12"]
[Round "2"]
[White "Larsen, Tor Kristian"]
[Black "Roverud, Thor"]
[Result "1/2-1/2"]
[WhiteElo "1719"]
[BlackElo "1585"]
[PlyCount "103"]
[EventDate "2002.10.??"]
[EventType "swiss"]
[EventRounds "5"]
[EventCountry "NOR"]
[SourceTitle "EXT 2005"]
[Source "ChessBase"]
[SourceDate "2004.11.15"]
[SourceVersion "1"]
[SourceVersionDate "2004.11.15"]
[SourceQuality "1"]

1. Nf3 d5 2. d4 Nf6 3. c4 e6 4. e3 Be7 5. Bd3 0-0 6. 0-0 a6 7. Nbd2 c5 8. b3 Nc6 9. Bb2 cxd4 10. exd4 Bd6 11. Ne5 Bxe5 12. dxe5 Ne8 13. Re1 f5 14. f4 dxc4 15. Nxc4 b5 16. Ne3 Bb7 17. Be2 Qb6 18. Bf3 Rd8 19. Qe2 Nd4 20. Bxd4 Rxd4 21. Bxb7 Qxb7 22. Qf2 Rd8 23. Rad1 Nc7 24. Rd6 Rxd6 25. exd6 Nd5 26. Nxd5 Qxd5 27. Qb6 h6 28. Rc1 Qd2 29. Qc5 Rd8 30. g3 Qxd6 31. Qxd6 Rxd6 32. Rc2 Kf7 33. Kf2 g5 34. Ke3 g4 35. Re2 Kf6 36. Kf2 Rd3 37. Kg2 h5 38. h4 Rd5 39. Rc2 Ke7 40. Kf1 Kd6 41. Ke2 e5 42. fxe5+ Rxe5+ 43. Kf2 Re4 44. Rc8 f4 45. gxf4 Rxf4+ 46. Kg2 a5 47. Rh8 Rf5 48. Ra8 b4 49. Ra6+ Kc7 50. Rh6 Kd7 51. Ra6 Ke7 52. Ra7+ 1/2-1/2

[Event "Sandefjord op"]
[Site "Sandefjord"]
[Date "2002.10.12"]
[Round "3"]
[White "Roverud, Thor"]
[Black "Moberg, Jan Rune"]
[Result "1-0"]
[WhiteElo "1585"]
[BlackElo "1488"]
[PlyCount "97"]
[EventDate "2002.10.??"]
[EventType "swiss"]
[EventRounds "5"]
[EventCountry "NOR"]
[SourceTitle "EXT 2005"]
[Source "ChessBase"]
[SourceDate "2004.11.15"]
[SourceVersion "1"]
[SourceVersionDate "2004.11.15"]
[SourceQuality "1"]

1. e4 e5 2. Nf3 d6 3. d4 Nd7 4. dxe5 dxe5 5. Bc4 c6 6. 0-0 Be7 7. Be3 Ngf6 8. Nbd2 0-0 9. h3 b5 10. Be2 a6 11. c4 Bb7 12. Qc2 Rc8 13. c5 a5 14. Rfd1 Qc7 15. a4 b4 16. Nb3 Ra8 17. Nfd2 Rfd8 18. Nc4 Nf8 19. Rxd8 Bxd8 20. Rd1 Ne6 21. Nb6 Ra7 22. Bc4 Bc8 23. Qd3 Be7 24. f3 h6 25. Kh1 Nh5 26. Kh2 Nhf4 27. Qc2 Nf8 28. Qc1 g5 29. Rd6 N8e6 30. g3 Ng6 31. Nxc8 Qxc8 32. Bxe6 fxe6 33. Rd3 Qa6 34. Qc2 Nf8 35. Nd2 Rd7 36. Nc4 Bf6 37. Rxd7 Nxd7 38. Qd3 Qa7 39. Nb6 Nf8 40. b3 Qb7 41. Qd6 Kf7 42. Nc4 Ng6 43. Nxa5 Qa7 44. Nxc6 Qa8 45. Nxb4 Qa5 46. Qb6 Qa8 47. c6 Ne7 48. a5 Nc8 49. Qb7+ 1-0